| 000 | 00762nam a22002297a 4500 | ||
|---|---|---|---|
| 005 | 20240201114853.0 | ||
| 010 | _aENG-138830 | ||
| 020 |
_c790.00 _a9789356062085 |
||
| 035 | _aEN-122362 | ||
| 037 | _bDBAD/PUB | ||
| 082 | _a515.33 | ||
| 100 |
_aThomas JR. ,George B. _961515 |
||
| 245 |
_aThomas's Calculus for the JEE: _cby George B. Thomas JR....[et.al.] _bmain and advanced / |
||
| 250 | _a16th ed. | ||
| 260 |
_aNoida _bPearson India Education Services Pvt Ltd _c2022 |
||
| 270 |
_aIst Floor, Berger Tower, Plot No C-001A/2 Sector 16B, _bNoida _e201301 |
||
| 300 |
_avp.: _c25cm(pbk) _bill. |
||
| 700 |
_aWeir,Maurice D. _961516 |
||
| 700 |
_aHass,Joel _961517 |
||
| 700 |
_aAnand,Amarnath _961518 |
||
| 942 |
_2ddc _cEN _h515.33 _mTHO |
||
| 999 |
_c200488 _d200488 |
||